01232 a2200229 45000010006000000050017000060080041000230030015000640400040000790800091001192450145002100200022003552640083003773000018004605050258004780410008007361000028007447000022007727000018007947000091008128560099009034492920260407155724.0260407a2017 arg spa dAR-UNSa-BCEJYS aAR-UNSa-BCEJYSbspacAR-UNSa-BCEJYS a338.124xRetroceso de la actividad económica. Contracción económica (Pobreza...)10aLa pobreza multidimensional en la Argentina urbana 2010-2016pun ejercicio de aplicación de los métodos OPHI y CONEVAL al caso argentino a978-987-620-338-8 1aBuenos Aires :bEDUCA (Editorial de la Universidad Católica Argentina)c2017 a63 p.c27 cm. a1. Presentación ¿Hacia la erradicación de la pobreza? - 2. Resumen de resultados - 3. Dimensiones e indicadores de las mediciones de pobreza multidimensional - 4. Método OPHI, Alkire y Foster (2007) - 5. Método CONEVAL - 6. Reflexiones finales. aspa1 aBonfiglio, Juan Ignacio1 aSalvia, Agustín1 aVera, Julieta1 aPontificia Universidad Católica Argentina. Observatorio de la Deuda Social Argentina41uhttps://www.biblioeco.unsa.edu.ar/pmb/images/libros/L127052.jpgyImagen de portadaqimage/jpeg